00622nam a2200193 a 450000500170000000800410001704000270005804100080008504400070009308200180010010000370011824500860015526000480024130000560028965000250034565000210037065000240039166200130041520160212154817.0140305s1981 ck ab fr|||| 001 0 spa d aCO-BoIAVH cCO-BoIAVH 0 aspa ack04a581.634bM77m1 aMontes Giraldo, José Joaquín10aMedicina popular en Colombia :bvegetales y otras sustancias usadas como remedios aBogotá :bInstituto Caro y Cuervo,c1981. a295 páginas :bIlustraciones, mapas ;c24 x 15 cm16aMedicina tradicional26aPlantas útiles26aPlantas medicinales aColombia